Detalles MARC
| 000 -LIDER |
| fixed length control field |
01322nam a22003377a 4500 |
| 001 - NÚMERO DE CONTROL |
| Identificador de número de control |
000585 |
| 003 - IDENTIFICACDOR DE NÚMERO DE CONTROL |
| control field |
DO-SdBNP |
| 005 - DATE AND TIME OF LATEST TRANSACTION |
| control field |
20240422093156.0 |
| 007 - CAMPOS FIJOS DE DESCRIPCIÓN FÍSICA |
| fixed length control field |
000585 |
| 008 - ELEMENTOS DE LONGITUD FIJA |
| fixed length control field |
161021b1988 sp a |||| 00| 0 spa d |
| 020 ## - ISBN |
| International Standard Book Number |
8420446211 833.91 |
| 040 ## - FUENTE DE CATALOGACIÓN |
| Agencia que crea de manera original el registro |
BPMSU |
| Idioma de catalogación |
spa |
| Agencia que realiza la transcripción |
BPMSU |
| 082 #4 - NÚMERO DE CLASIFICACIÓN DECIMAL DE DEWEY |
| Classification number |
833.91 |
| Item number |
S697p 1988 |
| Edition number |
22 |
| 100 1# - ASIENTO PRINCIPAL -- NOMBRE PERSONAL |
| Nombre personal |
Sommer-Bodenburg, Angela, |
| Fechas asociadas con el nombre |
1948- |
| 245 10 - MENCIÓN DE TITULO |
| Título |
El pequeño vampiro y los visitantes / |
| Mención de responsabilidad |
Angela Sommer-Bodenburg ; traducción de José Miguel Rodríguez Clemente ; ilustraciones de Amelie Glienke. |
| 260 ## - PUBLICACIÓN, DISTRIBUCIÓN, ETC. (PIE DE IMPRENTA) |
| Lugar de publicación, distribución, etc |
Madrid : |
| Nombre del editor, distribuidor, etc. |
Alfaguara, |
| Fecha de publicación, distribución, etc |
1988 |
| 300 ## - DESCRIPCIÓN FÍSICA |
| Extensión |
187 p. : |
| Otros detalles físicos |
il. ; |
| Dimensiones |
19 cm. |
| 490 0# - MENCIÓN DE SERIES |
| Mención de serie |
Juvenil alfaguara, |
| Volume/sequential designation |
344 |
| 500 ## - NOTA GENERAL |
| Nota general |
Incluye datos biográficos del autor en la solapa de la contracubierta |
| 500 ## - NOTA GENERAL |
| Nota general |
La biblioteca posee la 4ta. reimpresión del 1991. |
| 500 ## - NOTA GENERAL |
| Nota general |
La biblioteca posee 1 ejemplar de la cuarta reimpresión. Noviembre 1991 |
| 500 ## - NOTA GENERAL |
| Nota general |
Traucción de: Der kleine Vampir in Jammertal. |
| 534 ## - NOTA SOBRE LA VERSIÓN ORIGINAL |
| Frase introductoria |
Tìtulo original : |
| Mención del título original |
Der kleine Vampir in Jammertal |
| 590 ## - NOTA LOCAL |
| Texto de la nota local |
Inventariado, 2024/VM |
| 650 #4 - ENCABEZAMIENTO DE MATERIA--TEMÁTICO |
| Término temático o nombre geográfico como elemento de entrada |
Cuentos infantiles alemanes |
| 650 #4 - ENCABEZAMIENTO DE MATERIA--TEMÁTICO |
| Término temático o nombre geográfico como elemento de entrada |
Libros infantiles y juveniles |
| 700 1# - ASIENTO SECUNDARIO -- NOMBRE PERSONAL |
| Nombre personal |
Rodríguez Clemente, José Miguel, |
| Mención de responsabilidad |
traductor |
| 700 1# - ASIENTO SECUNDARIO -- NOMBRE PERSONAL |
| Nombre personal |
Glienke, Amelie, |
| Mención de responsabilidad |
il. |
| 910 ## - VALIDACIÓN |
| Validación |
VMateo V. Control de calidad. BPMSU |
| 942 ## - ADDED ENTRY ELEMENTS (KOHA) |
| Source of classification or shelving scheme |
Dewey Decimal Classification |
| Koha item type |
Libros |